000 02011cam a2200361 4500500
005 20251228050255.0
041 _afre
042 _adc
100 1 0 _aPetitdemange, Guy
_eauthor
245 0 0 _aLevinas. L'esprit, la lettre
260 _c2014.
500 _a41
520 _aRésumé : Dans les années d’après-guerre, Simone Weil devint pour un temps une référence puissante. Camus lui-même en salua la force et l’actualité. Levinas prit lui aussi position dans un article bref, mais retentissant. Il y évoque la réflexion de Simone Weil en son entier, mais sur la base d’un seul point d’appui, sa lecture de la Bible, laquelle éclaire en partie une interprétation violente et injuste du judaïsme biblique. Ici la critique de Levinas n’empêche pas l’admiration. Et cette étude n’est pas le dernier mot du dialogue entre les deux philosophes.
520 _aAbstract: In the post-war years, for a time, Simone Weil became a strong reference. Albert Camus himself welcomed her strength and relevance. Levinas too got involved with the publication of a brief but resounding article. He reminds of Simone Weil’s thinking as a whole, however only on the basis of her reading of the Bible, which sheds some light on her violent and unfair portrayal of the biblical Judaism. Levinas’s critique doesn’t prevent his admiration. Moreover, the study is not the last word of the dialogue between the two philosophers.
690 _aBible
690 _aCharité
690 _aEsprit
690 _aIntuition
690 _aLettre
690 _aLoi
690 _aPlaton
690 _aTalmud
690 _aBible
690 _aIntuition
690 _aLaw
690 _aLetter
690 _aLove
690 _aPlato
690 _aSpirit
690 _aTalmud
786 0 _nArchives de philosophie | 77 | 3 | 2014-07-15 | p. 489-505 | 0003-9632
856 4 1 _uhttps://shs.cairn.info/revue-archives-de-philosophie-2014-3-page-489?lang=fr&redirect-ssocas=7080
999 _c1580284
_d1580284